00710nam a22002057a 450000500170000001000150001702000260003202000230005803500130008103700130009410000170010724500640012426000450018827000630023330000260029650000190032294200170034199900170035895201290037520130506143734.0 aENG-106979 a9780198089650c595.00 a0198089651c595.00 aEN-90512 bDBAD/PUB aNandy, Ashis10aRegimes of narcissism, regimes of despair /cby Ashis Nandy aNew DelhibOxford University Pressc2013 aYMCA Library Building, 1 Jai Singh RoadbNew Delhie110001 axviii,198p.c22cm(Hb) aIncludes index 2ddccENmNAN c75107d75107 001040718NFICaDBADbDBADd2013-05-03eDBAD/PUBg595.00l0oNANpEN-90512r2013-05-03 00:00:00t1v595.00w2013-05-03yEN